| 000 | 01064cam a2200265 i 4500 | ||
|---|---|---|---|
| 003 | SA-RiAUC | ||
| 005 | 20250521090616.0 | ||
| 008 | 250423s1997 jo f 00000 ara c | ||
| 040 |
_aSA-RiAUC _bara _cSA-RiAUC _erda |
||
| 082 | 0 | 4 | _a341 |
| 090 |
_a341 _b ج و ا |
||
| 100 | 1 |
_aجواد، محمد علي. _eمؤلف. |
|
| 245 | 1 | 2 |
_aالعقود الدولية : _bمفاوضتها، إبرامها، تنفيذها / _cمحمد علي جواد. |
| 264 | 1 |
_aعمان، الأردن : _bمكتبة دار الثقافة، _c1997 |
|
| 300 |
_a224 صفحة ؛ _c24 سم. |
||
| 336 |
_aنص _btxt _2rdacontent _3كتاب |
||
| 337 |
_aبدون وسيط _bn _2rdamedia |
||
| 338 |
_aمجلد _bnc _2rdacarrier |
||
| 490 | 1 | _aالمكتبة القانونية | |
| 650 | 7 |
_aالعقود (فقه إسلامي) _2aucsh |
|
| 650 | 7 |
_aالمنازعات الدولية _2aucsh |
|
| 830 | 2 | _aالمكتبة القانونية (الدار العلمية الدولية للنشر والتوزيع) | |
| 942 |
_2ddc _cBOOK _n0 |
||
| 949 |
_aSA-JeALM _d250423 _uosman123 _n1 |
||
| 999 |
_c8212 _d8212 |
||